000 00422nam a2200169Ia 4500
008 221030s9999 xx 000 0 und d
020 _a8185749620
041 _aEnglish
082 _a105.23
100 _aP. S. Gill
245 0 _aEngineering Drawing (Geometrical Drawing)
_cby P. S. Gill
250 _a11th
260 _bS. K. Kataria & Sons
_aNew Delhi
_c2010
300 _a710
650 _aMechanical
942 _cBK
999 _c9857
_d9857